| 000 | 00898cam a22002774a 4500 | ||
|---|---|---|---|
| 001 | 12189841 | ||
| 005 | 20180824080324.0 | ||
| 008 | 000929s2001 enka b 001 0 eng c | ||
| 010 | _a 00050140 | ||
| 020 | _a0195085892 (alk. paper) | ||
| 035 | _a(DNLM)100966135 | ||
| 040 |
_aDNLM/DLC _cDLC _dDLC |
||
| 041 | _aeng | ||
| 042 | _apcc | ||
| 060 | 1 | 0 |
_aWB 354 _bS179d 2001 |
| 080 | _a615..7 | ||
| 082 | 0 | 0 |
_a615..7 _221 |
| 100 | 1 | _a6 | |
| 101 | _aFAR | ||
| 245 | 1 | 0 |
_aDrug delivery : _cW. Mark Saltzman. |
| 504 | _aIncludes bibliographical references and index. | ||
| 906 |
_a7 _bcbc _corignew _d1 _eocip _f20 _gy-gencatlg |
||
| 942 |
_2ddc _cBK |
||
| 999 |
_c47322 _d47322 |
||